000
00254nam a22001217a 4500
008
170421b xxu||||| |||| 00| 0 eng d
041
_a
eng
080
_a
573
100
_a
11
101
_a
SHM
245
_a
SICKLE CELL
_c
BARNHART, M.I
942
_2
udc
_c
BK
999
_c
11491
_d
11491